| 000 | 00619nam a2200169 i 4500 | ||
|---|---|---|---|
| 001 | 27245 | ||
| 003 | ES-MaACL | ||
| 005 | 20230906153602.0 | ||
| 007 | t| | ||
| 008 | 030114s1918 fr ||||1| fre d | ||
| 100 | 1 |
_aAsnaourow, Felix. _923629 |
|
| 245 | 1 | 3 |
_aLa Russe par vous-méme _b: nouvelle methode practique (grammaire complete exercises, conversation) avec prononciation figure d'apres la methode Mare de Valette / _cpar Felix Asnaourow. |
| 250 | _a2eme ed. | ||
| 260 |
_aParís : _bLibrairie Russe y Française, L. Rodstein, _c1918 ( _fL. Roostein) |
||
| 300 |
_a180 p. ; _c20 cm. |
||
| 852 |
_aES-MaACL _jA-1944 |
||
| 999 |
_c27245 _d27245 |
||